000 00943nam a22002777a 4500
001 BR9402955
003 BR-BrBNA
005 20230928094036.0
007 ta
008 230509b bl.||||| |||| 00| 0 por d
040 _aBR-BrBNA
_bpor
_cBiblioteca Nacional de Agricultura
041 _a(Por)
072 _aL73
_b6100
_b4110
090 _ 6100 BR9402955
100 1 _aMonroy, M.A.R.
110 1 _aUniversidade de Sao Paulo, SP (Brasil). Faculdade de Medicina Veterinaria e Zootecnia
_0Tese (Mestre em Patologia Experimental)
_910560
245 1 _aFatores de patogenicidade de Escherichia coli isolada de Gallus gallus (Linnaeus, 1758)com salpingite
260 3 _aSao Paulo, SP (Brasil):
_c1992.
300 _a68 p.
500 _a6 illus.; 8 tables; Summaries (Eng, Por); Bibliography p. 50-68 (149 ref.)
650 _aGalinha
650 _aSalpingite
650 _aBacteria
909 _a202309
_bLucia
_c55
_dLucia Elande
942 _cBK
999 _c48563
_d48563